| 000 | 00417nam a2200157Ia 4500 | ||
|---|---|---|---|
| 008 | 230312s9999||||xx |||||||||||||| ||und|| | ||
| 020 | _a0-07-2402446-6 | ||
| 082 |
_a550 _bPLU-P |
||
| 100 | _aPlummer Charles C. | ||
| 245 | 0 | _aPhysical Geology | |
| 260 |
_bMcGraw HILL _aNew York _c2003 |
||
| 300 | _a574 | ||
| 546 | _aEng. | ||
| 650 |
_aPhysiotherapy _vIntroduction , Weathering and Soil , Mass Wasting |
||
| 942 | _cBK | ||
| 999 |
_c1798 _d1798 |
||